Sports Quiz

Random Sports or Letter Quiz

Big 4 First Four Quiz Stats

Quiz Updated Jun 12, 2017

Challenge
Share
Tweet
Embed
Score 0/80 Timer 07:00
3 Plays Today
Number Team % Correct
2ndA✓
98.5%
2nd E✓ 
98.1%
1st B✓ 
97.7%
1st C✓ 
97.4%
3rd A✓ 
97.3%
2nd I✓ 
97%
1st R✓ 
96.7%
4th E✓ 
96.4%
4th S✓ 
96%
3rd N✓ 
95.8%
1st P✓ 
95.6%
4th L✓ 
95.4%
3rd G✓ 
95.3%
3rd T✓ 
95.3%
3rd L✓ 
95.2%
4th R✓ 
95%
4th N✓ 
94.8%
3rd I✓ 
94.6%
4th K✓ 
94.6%
1st J✓ 
94.5%
1st S✓ 
94.3%
4th I✓ 
94%
2nd R✓ 
93.6%
1st T✓ 
93.6%
1st A✓ 
93.5%
3rd D✓ 
92.7%
1st M✓ 
92.4%
4th A✓ 
92.4%
1st D✓ 
92.4%
2nd O✓ 
92.2%
4th T✓ 
92.1%
1st L✓ 
92%
4th G✓ 
91%
1st W✓ 
90.8%
2nd U✓ 
90.7%
1st G✓ 
89.8%
2nd H✓ 
89.7%
3rd R✓ 
88.7%
1st H✓ 
88.3%
2nd N✓ 
87.8%
Number Team % Correct
1st F✓ 
87.7%
1st K✓ 
86.1%
1st O✓ 
86.1%
3rd C✓ 
86%
4th C✓ 
86%
2nd L✓ 
85.4%
3rd K✓ 
85%
3rd U✓ 
84.4%
1st N✓ 
84.4%
1st I✓ 
83.5%
1st Y✓ 
82.4%
1st E✓ 
80.8%
2nd T✓ 
79.8%
4th D✓ 
79.6%
3rd O✓ 
79.2%
3rd Z✓ 
78.2%
3rd E✓ 
78.1%
3rd V✓ 
77.4%
2nd S✓ 
76.1%
4th Z✓ 
74.6%
3rd Y✓ 
74.4%
4th O✓ 
73.1%
4th U✓ 
71.6%
1st V✓ 
71.4%
3rd W✓ 
69.7%
3rd B✓ 
68.7%
4th P✓ 
66.4%
4th W✓ 
65.9%
4th B✓ 
63.8%
2nd V✓ 
61%
3rd M✓ 
56.9%
4th H✓ 
56.7%
3rd X✓ 
56.5%
3rd P✓ 
55.9%
4th M✓ 
55%
2nd W✓ 
49.9%
2nd P✓ 
49.8%
4th V✓ 
42%
3rd H✓ 
40.7%
3rd S✓ 
29.5%

You're not logged in!

Compare scores with friends on all Sporcle quizzes.
Sign Up with Email
OR
Log In

You Might Also Like...

Show Comments

Extras

Top Quizzes Today


Score Distribution

Your Account Isn't Verified!

In order to create a playlist on Sporcle, you need to verify the email address you used during registration. Go to your Sporcle Settings to finish the process.